MLB 2023 Managers - Statistics

General Stats
  • This quiz has been taken 193 times
  • The average score is 13 of 30
Answer Stats
Team Manager % Correct
New York Yankees Aaron Boone
85%
Boston Red Sox Alex Cora
75%
Houston Astros Dusty Baker
74%
Los Angeles Dodgers Dave Roberts
66%
Cleveland Guardians Terry Francona
64%
Tampa Bay Rays Kevin Cash
62%
New York Mets Buck Showalter
60%
Atlanta Braves Brian Snitker
53%
Texas Rangers Bruce Bochy
53%
Chicago Cubs David Ross
52%
Detroit Tigers A.J. Hinch
48%
Milwaukee Brewers Craig Counsell
46%
Colorado Rockies Bud Black
44%
San Diego Padres Bob Melvin
43%
San Francisco Giants Gabe Kapler
43%
Washington Nationals Dave Martinez
41%
Baltimore Orioles Brandon Hyde
40%
St. Louis Cardinals Oliver Marmol
37%
Philadelphia Phillies Rob Thomson
37%
Seattle Mariners Scott Servais
37%
Minnesota Twins Rocco Baldelli
34%
Los Angeles Angels Phil Nevin
33%
Cincinnati Reds David Bell
32%
Toronto Blue Jays John Schneider
30%
Arizona Diamondbacks Torey Lovullo
26%
Oakland Athletics Mark Kotsay
22%
Miami Marlins Skip Schumaker
22%
Pittsburgh Pirates Derek Shelton
18%
Chicago White Sox Pedro Grifol
18%
Kansas City Royals Matt Quatraro
11%
No matching quizzes found
Score Distribution
Percent of People with Each Score
Percentile by Number Answered
Your Score History
You have not taken this quiz